Luật hình sự tố tụng

Sách giới thiệu nhập môn hình sự tố tụng, tổ chức và điều hành guồng máy hình sự, áp dụng luật hình dưới thời Việt Nam Cộng hòa.

Saved in:
Bibliographic Details
Main Author: Nguyễn, Quốc Hưng
Format: Book
Language:Undetermined
Published: Sài Gòn Khai Trí 1963
Subjects:
Tags: Add Tag
No Tags, Be the first to tag this record!
Institutions: Trung tâm Học liệu Trường Đại học Cần Thơ
LEADER 00802nam a2200205Ia 4500
001 CTU_204814
008 210402s9999 xx 000 0 und d
082 |a 345.59705 
082 |b H556 
100 |a Nguyễn, Quốc Hưng 
245 0 |a Luật hình sự tố tụng 
245 0 |c Nguyễn Quốc Hưng 
260 |a Sài Gòn 
260 |b Khai Trí 
260 |c 1963 
520 |a Sách giới thiệu nhập môn hình sự tố tụng, tổ chức và điều hành guồng máy hình sự, áp dụng luật hình dưới thời Việt Nam Cộng hòa. 
650 |a Tố tụng hình sự,Criminal procedure 
650 |z Việt Nam,Vietnam 
904 |i Hải 
980 |a Trung tâm Học liệu Trường Đại học Cần Thơ